000 00792nam a2200277Ia 4500
005 20260324113739.0
008 008 260324s9999 xx 000 0 eng d
020 _a9781003370321
037 _aEBOOK
040 _aCRL
040 _beng
040 _cCRL
041 _2eng
041 _aeng
084 _qCRL
100 _aAgbotiname Lucky Imoize; Valentina Emilia Balas; Vijender Kumar Solanki; Cheng-Chi Lee; Mohammad S. Obaidat
_91148015
245 0 _aHandbook of Security and Privacy of AI-Enabled Healthcare Systems and Internet of Medical Things
260 _bTaylor and Francis
260 _c2023
365 _a
365 _b420
856 _uhttp://www.taylorfrancis.com/books/9781003370321
942 _cEBOOK
999 _c1737829
_d1737829